000 00709nam a2200241Ia 4500
003 OSt
005 20220928121737.0
006 a|||||r|||| 00| 0
007 ta
008 220927b |||||||| |||| 00| 0 eng d
020 _c2412.6954999999998
024 _a99509
037 _b278, 17/09/2009, Bharatiya Sahitya Bhavana
_cTextual
040 _aSDCL
_cSDCL
_beng
041 _2eng
_aeng
082 _aW6, P9
245 0 _aGLOBAL CIVIL society 2009
_b Poverty and activism
260 _aLondon
_bSage Publication
_c2009
300 _axiii,356p
_ccm.
650 _aPolitical Science
942 _hW6, P9
_cTEXL
_2CC
999 _c767884
_d767884